ბათუმის შოთა რუსთაველის სახელმწიფო უნივერსიტეტის ბიბლიოთეკა

მეგალითური კულტურა საქართველოში : (ბიბ.ჩანაწერი № 60009)

000 -ლიდერი
ფიქსირებული სიგრძის საკონტროლო ველი 01818nam a22002177a 4500
003 - საკონტროლო ნომრის იდენტიფიკატორი
საკონტროლო ველი Ge_BSU
005 - ბოლო ოპერაციის თარიღი და დრო
საკონტროლო ველი 20230530120339.0
008 - ფიქსირებული სიგრძის მონაცემთა ელემენტები - ზოგადი ინფორმაცია
ფიქსირებული სიგრძის საკონტროლო ველი 230530s1938 ge ||||| |||| 00| 0 geo d
041 ## - ენის კოდი
Language code of text/sound track or separate title geo
080 ## - უნივერსალური ათობითი კლასიფიკაციის ინდექსი
Universal Decimal Classification number 904(479.22): 725.94(479.22)(09) მ-74
100 ## - მთავარი ჩანაწერი - პიროვნების სახელი
Personal name მელიქსეთ-ბეგი, ლეონ
9 (RLIN) 18300
245 ## - ცნობა სათაურის შესახებ
Title მეგალითური კულტურა საქართველოში :
Remainder of title მასალები არქაიკული მონუმენტური ხელოვნების ისტორიისათვის = Мегалитическая культура в Грузии : Материалы для истории архаического монументального искусства = La culture megalitique en Georgie : Les materiaux pour l'histoire d'art archaique monumentale /
Statement of responsibility, etc ლეონ მელიქსეთ-ბეგი; რედ. შ. ამირანაშვილი.
264 ## - წარმოების, გამოცემის, დისტრიბუციის და სხვა ცნობები
გამოცემის, წარმოების, დისტრიბუციის... ადგილი თბილისი :
გამოცემის, წარმოების, დისტრიბუციის... სახელწოდება ფედერაცია-ს გამ-ბა და სტ.,
გამოცემის, წარმოების, დისტრიბუციის... თარიღი 1938.
300 ## - ფიზიკური აღწერა
Extent 140 გვ. :
Other physical details [31] ჩართ. ფურც. ტაბულ. ;
Dimensions 23 სმ.
500 ## - ზოგადი შენიშვნა
General note გაშლილი თავფურცელი და წინასიტყვაობა ქართულ, რუსულ და ფრანგულ ენებზე
504 ## - BIBLIOGRAPHY, ETC. NOTE
Bibliography, etc ბიბლიოგრ.: "ლიტერატურა" შენიშვნებში.
520 ## - SUMMARY, ETC.
Summary, etc რეზიუმე რუსულ ენაზე
653 ## - INDEX TERM--UNCONTROLLED
Uncontrolled term მეგალითური კულტურა საქართველოში.
653 ## - INDEX TERM--UNCONTROLLED
Uncontrolled term არქაიკული მონუმენტური ხელოვნების ისტორია.
942 ## - ADDED ENTRY ELEMENTS (KOHA)
Source of classification or shelving scheme
Koha item type წიგნი
ეგზემპლარები
ჩამოწერის სტატუსი დაკარგული ეგზემპლარის სტატუსი კლასიფიკაციის წყარო ან თაროზე გაწყობის სქემა დაზიანების სტატუსი არ გაიცემა მუდმივი მდებარეობა (დაცვის ადგილი) ამჟამინდელი ადგილსამყოფელი თაროზე განთავსების ადგილი შეძენის თარიღი ღირებულება, შესყიდვის ნორმალური ფასი სრული შენახვის შიფრი შტრიხკოდი ბოლო ოპერაციის თარიღი ეგზემპლარის მიმდევრობითი ნომერი (კეტერი?) Uniform Resource Identifier ფასის ძალაში შესვლის თარიღი ეგზემპლარის სახეობა საჯარო შენიშვნა
          ბათუმის შოთა რუსთაველის სახელმწიფო უნივერსიტეტის მთავარი ბიბლიოთეკა ბათუმის შოთა რუსთაველის სახელმწიფო უნივერსიტეტის მთავარი ბიბლიოთეკა წიგნსაცავი 2023-05-30 8.00 904(479.22): 725.94(479.22)(09) მ-74 64502 2023-05-30 64502 ბსუ-ს საპატიო დოქტორის გურამ ლორთქიფანიძის საჩუქარი 2023-05-30 წიგნი 8 ლ.